[Event "Match"]
[Site "www.echecsemail.com"]
[Date "2015.03.26"]
[Round "1"]
[White "Caspito"]
[Black "Yussuf1000"]
[WhiteElo "1810"]
[BlackElo "1499"]
[Result "0-1"]
[Round "1"]
1.e4 c5
2.d4 cxd4
3.e5 Nb8c6
4.Bc1f4 Nc6xe5
5.Bf4xe5 Qd8a5
6.Qd1d2 Qa5xe5
7.Qd2e2 Qe5xe2
8.Ng1xe2 e5
9.g3 d5
10.Bf1g2 Bc8e6
11.O-O Ra8c8
12.Rf1c1 Bf8c5
13.Nb1d2 Ng8e7
14.Nd2f3 f6
15.a3 O-O
16.b4 Bc5d6
17.Ra1b1 Rc8c7
18.Rb1b3 Rf8c8
19.Nf3e1 Be6g4
20.Kf1 Bg4f5
21.Ne2g1 Bf5xc2
{ resign }
0-1

[Event "Eq:CONFOEDERATIONIS HELVETICAE-Clubul Central de Sah : "]
[Site "www.chess-mail.com"]
[Date "2015.03.26"]
[Round "1"]
[White "Conde7"]
[Black "Rocadamica"]
[WhiteElo "2760"]
[BlackElo "2800"]
[Result "1/2-1/2"]
[Round "1"]
1.e4 c5
2.Ng1f3 d6
3.d4 cxd4
4.Nf3xd4 Ng8f6
5.Nb1c3 a6
6.Bc1e3 e6
7.f3 b5
8.Qd1d2 Nb8d7
9.a3 Bc8b7
10.g4 Nd7b6
11.O-O-O Ra8c8
12.Kb1 Nf6d7
13.Rh1g1 Bf8e7
14.g5 O-O
15.f4 g6
16.f5 exf5
17.Nd4xf5 gxf5
18.exf5 Nb6c4
19.Bf1xc4 Rc8xc4
20.f6 Rf8e8
21.fxe7 Qd8xe7
22.Rg1f1 Nd7e5
23.Be3d4 Ne5f3
24.Qd2f4 Rc4xd4
25.Rd1xd4 Nf3xd4
26.Qf4xd4 Qe7c7
27.h4 Qc7c4
28.Qd4xc4 bxc4
29.Rf1d1 Re8d8
30.Nc3d5 h6
31.gxh6 Kh7
32.Kc1 Kxh6
33.Nd5e3 Bb7e4
34.Ne3xc4 d5
35.Nc4d2 Rd8h8
36.Rd1g1 f5
37.Rg1g5 Rh8f8
38.Kd1 Be4h1
39.Ke2 f4
40.b3 Rf8e8
41.Kf2 Re8c8
42.c4 dxc4
43.Nd2xc4 Rc8b8
44.b4 Rb8c8
45.Nc4e5 Kh7
46.Rg5f5 Rc8c2
47.Kg1 Rc2c1
48.Kh2 Bh1d5
49.Rf5xf4 Rc1c2
50.Kg3 Rc2c3
51.Kg4 Rc3xa3
52.Rf4d4 Bd5e6
53.Kg5 Ra3g3
54.Kf4 Rg3b3
55.Ne5d7 Be6f7
56.Nd7c5 Rb3a3
57.Nc5e4 Bf7g6
58.Ne4f6 Kg7
59.Kg5 Ra3g3
60.Nf6g4 Rg3g1
61.Rd4d7 Kg8
62.Rd7d2 Bg6f7
63.Rd2d6 Bf7b3
64.Rd6d8 Kg7
65.Rd8d7 Kh8
66.Rd7d4 Bb3e6
67.Rd4e4 Be6d7
68.Kh5 { draw }
1/2-1/2

[Event "Eq:Angels of Checkmate-CONFOEDERATIONIS HELVETICAE : "]
[Site "www.chess-mail.com"]
[Date "2015.03.26"]
[Round "1"]
[White "Conde7"]
[Black "Neverless"]
[WhiteElo "2760"]
[BlackElo "2660"]
[Result "1-0"]
[Round "1"]
1.e4 c5
2.Ng1f3 d6
3.d4 cxd4
4.Nf3xd4 Ng8f6
5.Nb1c3 a6
6.Bc1g5 e6
7.f4 b5
8.e5 dxe5
9.fxe5 Qd8c7
10.exf6 Qc7e5
11.Bf1e2 Qe5xg5
12.O-O Ra8a7
13.Qd1d3 Ra7d7
14.Nc3e4 Qg5e5
15.Nd4f3 Qe5xb2
16.Qd3e3 Bc8b7
17.Ra1b1 Qb2xc2
18.Nf3g5 Qc2c7
19.a4 b4
20.Rb1xb4 Nb8c6
21.Rb4b6 Nc6d4
22.a5 Qc7e5
23.Kh1 h6
24.fxg7 Bf8xg7
25.Ng5xf7 Qe5xe4
26.Qe3xe4 Bb7xe4
27.Nf7xh8 Bg7xh8
28.Be2h5 Kd8
29.Rb6b8 Kc7
30.Rb8xh8 Rd7d5
31.Rf1c1 Kd7
32.Rc1d1 Be4c2
33.Rd1d2 Rd5xh5
34.Rd2xd4 Ke7
35.g4 Rh5xa5
36.Rh8xh6 Ra5b5
37.h4 a5
38.Rh6h8 Rb5c5
39.Kg2 a4
40.Rh8a8 Kf6
41.Kf2 Bc2b3
42.g5 Kg6
43.Rd4f4 Rc5c2
44.Ke3 Rc2c3
45.Kd2 Rc3c2
46.Kd3 Rc2c7
47.Rf4f6 Kh5
48.Rf6h6 Kg4
49.g6 e5
50.Ke4 Rc7e7
51.h5 Bb3c2
52.Ke3 Kg5
53.Rh6h8 Re7d7
54.Ra8e8 Rd7d3
55.Ke2 Rd3d7
56.Re8xe5 Kf6
57.Re5a5 Bc2d1
58.Ke3 Bd1c2
59.Rh8f8 Kg7
60.Rf8c8 { resign }
1-0

[Event "Fast Game"]
[Site "www.echecsemail.com"]
[Date "2015.03.26"]
[Round "1"]
[White "Korto"]
[Black "Pgcbies"]
[WhiteElo "2010"]
[BlackElo "2170"]
[Result "1-0"]
[Round "1"]
1.d4 Ng8f6
2.Ng1f3 d5
3.e3 e6
4.c4 c6
5.Nb1c3 Nb8d7
6.Bf1d3 dxc4
7.Bd3xc4 b5
8.Bc4d3 Bc8b7
9.O-O a6
10.a3 c5
11.b3 Bf8d6
12.Bc1b2 O-O
13.dxc5 Nd7xc5
14.Bd3c2 Qd8e7
15.b4 Nc5d7
16.Rf1e1 Ra8c8
17.e4 Nd7e5
18.Nf3xe5 Bd6xe5
19.Re1e3 Rf8d8
20.Qd1e2 Rc8c6
21.Ra1d1 Rd8c8
22.Rd1d3 Nf6xe4
23.Re3xe4 Be5xc3
24.Bb2xc3 Rc6xc3
25.Rd3xc3 Rc8xc3
26.Re4d4 Qe7c7
27.Rd4d3 g6
28.Rd3xc3 Qc7xc3
29.Qe2d3 Qc3a1
30.Qd3d1 Qa1b2
31.h4 h5
32.Qd1d3 Bb7d5
33.Kh2 Bd5c4
34.Qd3d1 Kg7
35.f3 e5
36.Bc2e4 Qb2xa3
37.Qd1d6 Qa3b2
38.Be4b7 Bc4f1
39.f4 exf4
40.Qd6xf4 Bf1c4
41.Bb7xa6 Qb2xb4
42.Qf4d4 Kh7
43.Ba6b7 Qb4e7
44.Bb7f3 Bc4e6
45.g3 b4
46.Bf3e4 b3
47.Qd4e5 Qe7a7
48.Qe5xh5 Kg8
49.Qh5f3 Qa7a2
50.Kg1 b2
51.Qf3f4 b1Q
52.Be4xb1 Qa2xb1
53.Kf2 Qb1f5
54.Ke3 Qf5xf4
55.Kxf4  { time }
1-0

[Event "Match"]
[Site "www.echecsemail.com"]
[Date "2015.03.26"]
[Round "1"]
[White "Generalfree"]
[Black "Hundegana"]
[WhiteElo "1820"]
[BlackElo "1900"]
[Result "1-0"]
[Round "1"]
1.e4 g5
2.d4 h6
3.b3 Bf8g7
4.c3 d6
5.h3 a6
6.g4 e6
7.Bc1e3 Nb8d7
8.f3 Ng8e7
9.Bf1d3 Ne7c6
10.Ng1e2 Qd8e7
11.Nb1d2 b5
12.b4 Bc8b7
13.a3 e5
14.d5 Nc6d8
15.Qd1b3 O-O
16.O-O-O Nd7b6
17.Ne2g3 Bb7c8
18.Rh1h2 Bc8d7
19.Rd1h1 f6
20.h4 Nd8f7
21.c4 Rf8c8
22.hxg5 fxg5
23.c5 Nb6a4
24.c6 Bd7e8
25.Ng3f5 Qe7f6
26.Nd2f1 Rc8b8
27.Nf1g3 Nf7h8
28.Nf5xg7 Kxg7
29.Ng3f5 Kf8
30.Rh2xh6 Nh8g6
31.Rh1h5 Be8f7
32.Be3xg5 Qf6xg5
33.Rh5xg5 Ng6f4
34.Rh6h8 { resign }
1-0

[Event "Match"]
[Site "www.echecsemail.com"]
[Date "2015.03.26"]
[Round "1"]
[White "Generalfree"]
[Black "Hundegana"]
[WhiteElo "1840"]
[BlackElo "1940"]
[Result "1-0"]
[Round "1"]
1.e4 c5
2.c4 Ng8f6
3.d3 e5
4.h3 Nb8c6
5.Nb1c3 a6
6.Ng1f3 d6
7.a3 h6
8.g4 g5
9.Bf1g2 Ra8b8
10.Ra1b1 b5
11.cxb5 axb5
12.b4 Bf8e7
13.bxc5 dxc5
14.Rb1xb5 Rb8xb5
15.Nc3xb5 O-O
16.Bc1b2 Qd8a5
17.Nb5c3 Bc8a6
18.O-O Rf8b8
19.Qd1d2 Qa5d8
20.Nf3e1 Nc6d4
21.Bb2c1 Nd4b3
22.Qd2e3 Nb3xc1
23.Qe3xc1 Ba6xd3
24.Ne1xd3 Qd8xd3
25.Rf1d1 Qd3c4
26.Bg2f1 Qc4e6
27.Nc3a4 Nf6xe4
28.Bf1c4 Qe6c6
29.Qc1c2 Ne4f6
30.Rd1e1 Be7d6
31.Bc4b3 Kg7
32.Qc2c4 Rb8b7
33.Na4c3 Kf8
34.Bb3c2 Rb7a7
35.a4 Kg7
36.Nc3b5 Ra7e7
37.Nb5xd6 Qc6xd6
38.a5 Nf6d7
39.Re1d1 Qd6c7
40.Qc4a2 e4
41.a6 Qc7a7
42.Rd1b1 Nd7b6
43.Qa2b2 f6
44.Qb2xb6 Qa7xb6
45.Rb1xb6 e3
46.Kf1 exf2
47.Rb6b7 Kf7
48.Rb7xe7 Kxe7
49.a7 Kd6
50.a8Q { resign }
1-0

[Event "Tourn. n8084"]
[Site "www.chess-mail.com"]
[Date "2015.03.26"]
[Round "1"]
[White "Johnmcbride"]
[Black "Louis"]
[WhiteElo "1790"]
[BlackElo "1800"]
[Result "1-0"]
[Round "1"]
1.e4 e6
2.Ng1f3 d5
3.exd5 exd5
4.d4 Bc8g4
5.Bf1e2 Bf8d6
6.h3 Bg4h5
7.c3 Ng8f6
8.O-O O-O
9.b3 Nb8c6
10.a4 Rf8e8
11.Nb1a3 a6
12.Na3c2 Nf6e4
13.Bc1b2 h6
14.Nc2e3 Nc6e7
15.Be2d3 c6
16.Bd3e2  { time }
1-0

[Event "Tourn. n8050"]
[Site "www.chess-mail.com"]
[Date "2015.03.26"]
[Round "1"]
[White "Luban"]
[Black "Colchester"]
[WhiteElo "2040"]
[BlackElo "1850"]
[Result "1-0"]
[Round "1"]
1.d4 Ng8f6
2.c4 e6
3.a3 d5
4.e3 Bf8e7
5.Ng1f3 O-O
6.Nb1c3 c5
7.Bf1e2 Nb8c6
8.dxc5 Be7xc5
9.b4 Bc5e7
10.Bc1b2 b6
11.O-O dxc4
12.Be2xc4 Bc8b7
13.Nc3b5 a6
14.Nb5d4 Nc6xd4
15.Nf3xd4 b5
16.Bc4a2 Qd8b6
17.Qd1e2 Rf8d8
18.Ra1d1 Ra8c8
19.Rd1c1 Bb7d5
20.Ba2xd5 Nf6xd5
21.Qe2g4 Be7f6
22.h3 Qb6d6
23.e4 Nd5b6
24.Nd4xb5 axb5
25.Bb2xf6 g6
26.Bf6xd8 Qd6xd8
27.Rc1xc8 Qd8xc8
28.Qg4g5 Nb6a4
29.Rf1d1 Kg7
30.e5 h6
31.Qg5f6 { resign }
1-0

[Event "Tourn. n8020"]
[Site "www.chess-mail.com"]
[Date "2015.03.26"]
[Round "1"]
[White "Averoes"]
[Black "Osopanda"]
[WhiteElo "2150"]
[BlackElo "2100"]
[Result "1-0"]
[Round "1"]
1.d4 Ng8f6
2.c4 g6
3.Nb1c3 d6
4.e4 c6
5.Bf1e2 Bf8g7
6.Ng1f3 Qd8c7
7.O-O e5
8.h3 O-O
9.Bc1e3 Nb8d7
10.Qd1d2 Rf8d8
11.d5 cxd5
12.cxd5 Nd7f8
13.Ra1c1 Qc7e7
14.Nf3h2 Bc8d7
15.Nh2g4 Nf6h5
16.Ng4h6 Kh8
17.Be2xh5 gxh5
18.Nh6f5 Bd7xf5
19.exf5 e4
20.f3 exf3
21.Rf1xf3 Bg7e5
22.Nc3e4 f6
23.Be3h6 Nf8d7
24.Qd2e2 Rd8g8
25.Kh1 Qe7f7
26.Qe2b5 a6
27.Qb5xb7 Ra8b8
28.Qb7xa6 Rb8xb2
29.Rf3f2 Rb2xf2
30.Ne4xf2 Qf7xd5
31.Qa6f1 Nd7c5
32.Nf2d1 Nc5d3
33.Rc1c2 Qd5e4
34.Rc2e2 Qe4h4
35.Qf1f3 Nd3f4
36.Nd1e3 Rg8b8
37.Re2f2 d5
38.Bh6xf4 Be5xf4
39.Qf3xf4 Qh4xf4
40.Rf2xf4 Rb8a8
41.Ne3xd5 Kg7
42.a4 Kf7
43.Kh2 Ra8a5
44.Nd5c7 h4
45.Rf4xh4 Kg7
46.Nc7e6 Kg8
47.Rh4g4 Kf7
48.Rg4g7 Ke8
49.Rg7xh7 Ra5xa4
50.Rh7h6 Kf7
51.g4 Ra4a3
52.h4 Ke7
53.Rh6h7 Kd6
54.Ne6f4 Ke5
55.Nf4g6 Ke4
56.Kg2 Ra3a2
57.Kg3 Ra2a3
58.Kf2 Ra3a2
59.Ke1 Kd3
60.Rh7e7 Ra2g2
61.Ng6f4 { resign }
1-0

[Event "Tourn. n8003"]
[Site "www.chess-mail.com"]
[Date "2015.03.26"]
[Round "1"]
[White "Peck"]
[Black "Merimee"]
[WhiteElo "1479"]
[BlackElo "1580"]
[Result "0-1"]
[Round "1"]
1.g4 d5
2.h3 f5
3.Nb1c3 Ng8f6
4.e4 d4
5.Nc3b5 Nf6xe4
6.Nb5xd4 Qd8xd4
7.c3 Qd4d5
8.Qd1f3 e6
9.gxf5 exf5
10.a4 Bc8d7
11.d3 Qd5e6
12.dxe4 Bd7c6
13.Bf1g2 Bc6xe4
14.Qf3h5 g6
15.Qh5e2 Bf8d6
16.Qe2b5 Be4c6
17.Qb5e2 Qe6xe2
18.Kxe2 O-O
19.Kf1 Bc6xg2
20.Kxg2 Nb8c6
21.Bc1h6 Rf8e8
22.Ng1f3 Nc6e5
23.Nf3xe5 Re8xe5
24.Bh6f4 Re5e2
25.Bf4e3 Re2xb2
26.Ra1e1 Kf7
27.Be3c1 Rb2c2
 { time }
0-1

[Event "Tourn. n8048"]
[Site "www.chess-mail.com"]
[Date "2015.03.26"]
[Round "1"]
[White "Julian"]
[Black "Amaya"]
[WhiteElo "1980"]
[BlackElo "1900"]
[Result "0-1"]
[Round "1"]
1.e4 e6
2.d4 d5
3.e5 c5
4.c3 Nb8c6
5.Ng1f3 cxd4
6.cxd4 Bf8b4
7.Nb1c3 Ng8e7
8.Bf1d3 O-O
9.O-O Bb4a5
10.Bc1g5 Qd8c7
11.Ra1c1 Nc6b4
12.Bd3b1 Nb4c6
13.Nc3b5 Qc7b6
14.Nb5d6 Ne7f5
15.Nd6xf5 exf5
16.b3 a6
17.Rc1c5 Bc8e6
18.Bg5e3 Ba5b4
19.Rc5c2 Nc6a7
20.Nf3g5 Na7b5
21.Qd1h5 h6
22.Ng5f3 Be6d7
23.Rc2e2 Qb6g6
24.Qh5xg6 fxg6
25.Nf3h4 Nb5c3
26.Re2c2 g5
27.Nh4g6 Rf8c8
28.Be3d2 Kf7
29.e6 Bd7xe6
30.Ng6e5 Kf6
31.a3 Nc3e2
32.Kh1 Rc8xc2
33.Bd2xb4 Rc2c1
34.Rf1xc1 Ne2xc1
35.h3 Nc1xb3
36.Ne5f3 Ra8c8
37.Kh2 a5
38.Bb4d6 Rc8c3
39.Bd6e5 Kf7
40.Bb1a2 Nb3c1
41.Ba2b1 Rc3xa3
42.Be5d6 Ra3c3
43.Nf3e5 Kf6
44.g4 Nc1e2
45.gxf5 Be6xf5
46.Bb1xf5 Kxf5
47.Ne5g4 Ne2f4
48.Ng4e5 Rc3xh3
49.Kg1 a4
50.f3 Rh3g3
51.Kf2 Rg3g2
52.Ke1 h5
53.Ne5f7 Nf4d3
54.Kd1 b5
{ resign }
0-1

[Event "Tourn. n8020"]
[Site "www.chess-mail.com"]
[Date "2015.03.26"]
[Round "1"]
[White "Osopanda"]
[Black "Difficult"]
[WhiteElo "2100"]
[BlackElo "2010"]
[Result "1/2-1/2"]
[Round "1"]
1.c4 Ng8f6
2.d4 g6
3.Nb1c3 d5
4.e3 Bf8g7
5.Ng1f3 O-O
6.b3 Bc8g4
7.Bf1e2 c6
8.Bc1b2 e6
9.O-O Nb8d7
10.h3 Bg4xf3
11.Be2xf3 Rf8e8
12.e4 Nf6xe4
13.Nc3xe4 dxe4
14.Bf3xe4 Qd8c7
15.Bb2c1 Nd7f6
16.Be4f3 Ra8d8
17.Bc1b2 c5
18.d5 exd5
19.cxd5 b6
20.Qd1d3 Nf6d7
21.Bb2xg7 Kxg7
22.Ra1e1 Nd7e5
23.Qd3c3 f6
24.Bf3e2 Rd8xd5
25.Be2c4 Rd5d4
26.f4 Ne5xc4
27.bxc4 Re8e4
28.f5 Qc7e5
29.Re1xe4 Qe5xe4
30.fxg6 hxg6
31.Qc3g3 Qe4e5
32.Qg3xe5 fxe5
33.Rf1e1 Rd4xc4
34.Re1xe5 Kf6
35.Re5e3 Rc4c2
36.Re3a3 b5
{ draw }
1/2-1/2

[Event "Tourn. n7972"]
[Site "www.chess-mail.com"]
[Date "2015.03.26"]
[Round "1"]
[White "Colchester"]
[Black "Geretree"]
[WhiteElo "1730"]
[BlackElo "1880"]
[Result "0-1"]
[Round "1"]
1.c4 Ng8f6
2.Nb1c3 Nb8c6
3.d4 d5
4.e3 Bc8f5
5.a3 e6
6.cxd5 exd5
7.Ng1f3 a6
8.Bf1d3 Bf5g4
9.O-O Qd8d7
10.Bd3e2 Bf8d6
11.b4 h5
12.Bc1b2 Nf6e4
13.Nc3xe4 dxe4
14.Nf3d2 Qd7f5
15.h3 Bg4xh3
16.Nd2c4 Qf5g5
17.Nc4xd6 cxd6
18.g3 Bh3xf1
19.Be2xf1 h4
20.Bf1g2 d5
21.Qd1e2 h3
22.Bg2h1 Qg5h5
23.Qe2xh5 Rh8xh5
24.Kh2 Nc6b8
25.Ra1c1 Nb8d7
26.Rc1c7 b5
27.f3 exf3
28.Bh1xf3 Rh5h6
29.Bf3xd5 Kd8
30.Rc7c2 Ra8c8
31.Rc2xc8 Kxc8
32.Bd5xf7 Nd7b6
33.Bf7b3 g5
34.d5 g4
35.Bb2d4 Nb6c4
{ resign }
0-1

[Event "Tourn. n8115"]
[Site "www.chess-mail.com"]
[Date "2015.03.26"]
[Round "1"]
[White "Gorgo"]
[Black "Krasin"]
[WhiteElo "2230"]
[BlackElo "2320"]
[Result "1-0"]
[Round "1"]
1.d4 Ng8f6
2.e4 Nf6xe4
3.Bf1d3 d5
4.Bd3xe4 dxe4
5.Nb1c3 Bc8f5
6.Ng1e2 e6
7.Ne2g3 Bf8b4
8.O-O Bb4xc3
9.bxc3 O-O
10.f3 exf3
11.Ng3xf5 exf5
12.Qd1xf3 Nb8c6
13.Bc1a3 Rf8e8
14.Qf3xf5 f6
15.Ra1b1 b6
16.Rb1e1 Kh8
17.Re1e6 Nc6a5
18.Rf1e1 Re8xe6
19.Qf5xe6 Qd8g8
20.Ba3b4 Na5c4
21.Qe6c6 Ra8c8
22.Re1e6 Nc4d6
23.Qc6d7 Nd6f5
24.Re6e1 Nf5h4
25.Re1e7 Rc8a8
26.Qd7g4 Nh4g6
27.Re7xc7 Qg8xa2
28.h4 a5
29.h5 axb4
30.hxg6 hxg6
31.Qg4h3 Kg8
32.Qh3d7 { resign }
1-0

[Event "Tourn. n8107"]
[Site "www.chess-mail.com"]
[Date "2015.03.26"]
[Round "1"]
[White "Neo"]
[Black "Servant"]
[WhiteElo "1730"]
[BlackElo "1640"]
[Result "0-1"]
[Round "1"]
1.d4 f5
2.e3 Ng8f6
3.c3 e6
4.h3 d5
5.Ng1f3 Bf8d6
6.Bf1d3 O-O
7.O-O c6
8.b4 Nf6e4
9.Bd3xe4 fxe4
10.Nf3e5 Bd6xe5
11.dxe5 Qd8e7
12.a4 Nb8d7
13.a5 Nd7xe5
14.Nb1d2 Ne5d3
15.Qd1e2 e5
16.Nd2b3 Qe7g5
17.Nb3c5 Bc8xh3
18.g3 Bh3g4
19.Qe2d2 Nd3xc5
20.bxc5 Bg4f3
21.Qd2b2 Qg5h5
{ resign }
0-1

[Event "Match"]
[Site "www.echecsemail.com"]
[Date "2015.03.26"]
[Round "1"]
[White "Castletyme"]
[Black "Harrytheking"]
[WhiteElo "1830"]
[BlackElo "1750"]
[Result "1-0"]
[Round "1"]
1.e4 b6
2.Ng1f3 Bc8a6
3.Bf1xa6 Nb8xa6
4.Nb1c3 d6
5.d3 e6
6.O-O h6
7.Nc3e2 c5
8.Ne2g3 Ng8f6
9.c3 Bf8e7
10.Rf1e1 O-O
11.e5 Nf6d5
12.d4 c4
13.Qd1a4 Na6c7
14.Qa4c6 dxe5
15.Nf3xe5 Nd5f6
16.Ne5xc4 Nc7d5
17.Nc4e5 Ra8c8
18.Qc6b5 Nd5c7
19.Qb5e2 Nc7d5
20.Ne5g4 Nf6xg4
21.Qe2xg4 Nd5f6
22.Qg4f4 Be7d6
23.Qf4f3 Nf6d5
24.Ng3e4 Nd5f4
25.Bc1xf4 Bd6xf4
26.Qf3xf4 Qd8e7
27.Ne4d6 Rc8c6
28.Nd6f5 Qe7g5
29.Qf4xg5 { resign }
1-0

[Event "Match"]
[Site "www.echecsemail.com"]
[Date "2015.03.26"]
[Round "1"]
[White "Expert"]
[Black "Fangshuo"]
[WhiteElo "1680"]
[BlackElo "2060"]
[Result "1/2-1/2"]
[Round "1"]
1.e4 e5
2.Ng1f3 Nb8c6
3.Bf1b5 a6
4.Bb5xc6 bxc6
5.O-O Bc8b7
6.Nf3xe5 Qd8e7
7.d4 Ng8f6
8.Nb1c3 c5
9.f4 cxd4
10.Qd1xd4 c5
11.Qd4d1 Nf6xe4
12.Nc3d5 Qe7d8
13.c4 d6
14.Qd1e2 dxe5
15.Qe2xe4 Bf8e7
16.fxe5 O-O
17.Bc1f4 Ra8b8
18.Ra1d1 Bb7xd5
19.Rd1xd5 Qd8b6
20.b3 Rb8d8
21.Rf1d1 Rf8e8
22.Rd5xd8 Re8xd8
23.Rd1d5 g5
24.Bf4e3 Qb6a5
25.Rd5xd8 Be7xd8
26.h3 Qa5e1
27.Kh2 Bd8c7
28.Qe4f3 { draw }
1/2-1/2

[Event "1/128 Finale"]
[Site "www.chess-mail.com"]
[Date "2015.03.26"]
[Round "1"]
[White "Servant"]
[Black "Chtoubidou"]
[WhiteElo "1640"]
[BlackElo "1880"]
[Result "1/2-1/2"]
[Round "1"]
1.c4 b6
2.Nb1c3 Bc8b7
3.d4 e6
4.Ng1f3 d5
5.e3 c5
6.cxd5 Bb7xd5
7.Nc3xd5 Qd8xd5
8.Bf1b5 Nb8d7
9.O-O Ng8f6
10.Nf3e5 Bf8d6
11.Ne5xd7 Nf6xd7
12.Bb5xd7 Kxd7
13.dxc5 Qd5xd1
14.Rf1xd1 bxc5
15.e4 Ke7
16.Bc1e3 Ra8b8
17.b3 a5
18.Ra1c1 Rh8c8
19.g3 f6
20.f4 e5
21.Kf2 exf4
22.gxf4 Rb8b4
23.Kf3 a4
24.Rc1c4 { draw }
1/2-1/2

[Event "1/128 Finale"]
[Site "www.chess-mail.com"]
[Date "2015.03.26"]
[Round "1"]
[White "Generalfree"]
[Black "Llord"]
[WhiteElo "1740"]
[BlackElo "1780"]
[Result "1/2-1/2"]
[Round "1"]
1.e4 e5
2.Ng1f3 Nb8c6
3.Bf1b5 a6
4.Bb5xc6 dxc6
5.Nf3xe5 Qd8d4
6.Ne5g4 Qd4xe4
7.Ng4e3 Bf8c5
8.d3 Qe4g6
9.O-O Bc8h3
10.Qd1f3 Bh3e6
11.h3 Ng8e7
12.g4 Bc5xe3
13.fxe3 O-O
14.Nb1c3 Ne7d5
15.Nc3xd5 Be6xd5
16.e4 Bd5e6
17.Bc1f4 Ra8c8
18.Qf3g3 c5
19.Bf4xc7 c4
20.Rf1f3 cxd3
21.cxd3 Qg6h6
22.Bc7f4 Qh6g6
23.b3 Qg6f6
24.e5 Qf6e7
25.d4 Qe7a3
26.h4 Qa3b2
27.Rf3f1 Qb2xd4
28.Bf4e3 Qd4xg4
29.Qg3xg4 Be6xg4
30.Ra1c1 Rf8e8
31.Rc1xc8 Bg4xc8
32.Be3f4 { draw }
1/2-1/2

[Event "Tourn. n8054"]
[Site "www.chess-mail.com"]
[Date "2015.03.26"]
[Round "1"]
[White "Xkafi"]
[Black "Difficult"]
[WhiteElo "2000"]
[BlackElo "2080"]
[Result "0-1"]
[Round "1"]
1.e4 e6
2.d4 d5
3.e5 c5
4.c4 Nb8c6
5.cxd5 exd5
6.Ng1f3 cxd4
7.Nf3xd4 Bf8b4
8.Bc1d2 Qd8a5
9.Nd4xc6 bxc6
10.Bf1d3 Bb4xd2
11.Nb1xd2 Ng8e7
12.O-O O-O
13.Nd2f3 Ne7g6
14.h3 Bc8a6
15.Bd3xa6 Qa5xa6
16.Rf1e1 Rf8e8
17.Qd1d4 Qa6b6
18.Qd4g4 Ra8d8
19.Nf3d4 Ng6xe5
20.Qg4h4 Ne5g6
21.Qh4g4 h5
22.Qg4d1 Re8xe1
23.Qd1xe1 Qb6xd4
24.Qe1a5 Qd4b6
25.Qa5d2 d4
26.Ra1c1 c5
27.b3 d3
28.Rc1e1 Qb6d6
29.Re1e3 Qd6d4
30.g3 h4
31.g4 Ng6f4
32.Kh2 Qd4d5
33.f3 Nf4e2
34.Kg2 Qd5d6
{ resign }
0-1

[Event "Tourn. n8112"]
[Site "www.chess-mail.com"]
[Date "2015.03.26"]
[Round "1"]
[White "Colchester"]
[Black "Louis"]
[WhiteElo "1910"]
[BlackElo "1830"]
[Result "1-0"]
[Round "1"]
1.c4 e6
2.Ng1f3 Ng8f6
3.d4 d5
4.e3 c5
5.cxd5 Nf6xd5
6.Bf1b5 Bc8d7
7.Bb5xd7 Nb8xd7
8.O-O cxd4
9.exd4 Bf8d6
10.Nb1d2  { time }
1-0

[Event "Tourn. n8041"]
[Site "www.chess-mail.com"]
[Date "2015.03.26"]
[Round "1"]
[White "Hrob71"]
[Black "Tomcapp"]
[WhiteElo "1659"]
[BlackElo "1460"]
[Result "1-0"]
[Round "1"]
1.e4 e5
2.Ng1f3 Nb8c6
3.d4 exd4
4.c3 dxc3
5.Bf1c4 Ng8f6
6.Nf3g5 cxb2
7.Bc1xb2 d6
8.Ng5xf7 Qd8e7
9.Nf7xh8 Bc8g4
10.Bc4e2 Qe7xe4
11.Nb1c3 Qe4xg2
12.Rh1f1 O-O-O
13.Qd1d2 Rd8e8
14.O-O-O Bg4xe2
15.Nc3xe2 Nf6e4
16.Qd2f4 Ne4f6
17.Qf4f5 Nf6d7
18.Ne2f4 Qg2xh2
19.Nf4e6 Qh2h6
20.Ne6f4 Nc6e5
21.Nh8f7 Ne5xf7
22.Qf5xf7 Re8d8
23.Kb1 Nd7e5
24.Bb2xe5 Qh6h4
25.Be5b2 g6
26.Nf4e6 Qh4e4
27.Ka1 b6
28.Ne6xd8 Kxd8
29.Qf7xf8 Kd7
30.Qf8f7 Kc6
31.Rd1c1 Kb5
32.Qf7b3 Ka6
33.Qb3c4 Qe4xc4
34.Rc1xc4 c5
35.Rf1d1 h5
36.Rd1xd6 Ka5
37.a4 g5
38.Bb2c3 Ka6
39.Rc4xc5 Kb7
40.Rc5xg5 Kc7
41.Bc3e5 h4
42.Rg5g7 Kc8
43.Rd6h6 { resign }
1-0

[Event "Match"]
[Site "www.echecsemail.com"]
[Date "2015.03.26"]
[Round "1"]
[White "Nestor"]
[Black "Chessjoker40"]
[WhiteElo "2070"]
[BlackElo "1809"]
[Result "1-0"]
[Round "1"]
1.e4 e6
2.d4 d5
3.e5 c5
4.c3 Nb8c6
5.Ng1f3 Bc8d7
6.Bf1e2 Ng8e7
7.O-O Ne7g6
8.Bc1e3  { time }
1-0

[Event "Match"]
[Site "www.echecsemail.com"]
[Date "2015.03.26"]
[Round "1"]
[White "Hundegana"]
[Black "4knights"]
[WhiteElo "1940"]
[BlackElo "1499"]
[Result "1/2-1/2"]
[Round "1"]
1.e4 e5
2.c4 Ng8f6
3.d3 Bf8c5
4.Ng1f3 d6
5.h3 Nb8c6
6.Nb1c3 Ra8b8
7.Bc1e3 O-O
8.d4 exd4
9.Nf3xd4 Bc5xd4
10.Be3xd4 Nc6xd4
11.Qd1xd4 c5
12.Qd4d2 Rf8e8
13.Bf1d3 Bc8f5
14.O-O Bf5g6
15.f3 Qd8e7
16.Ra1e1 Qe7e5
17.f4 Qe5d4
18.Kh1 Bg6xe4
19.Nc3xe4 Nf6xe4
20.Re1xe4 Re8xe4
21.Qd2c2 Re4xf4
22.Rf1d1 Qd4f2
23.Qc2c3 f5
24.Rd1f1 Qf2g3
25.Rf1xf4 Qg3xf4
26.b3 Qf4g3
27.Qc3c2 Rb8e8
28.Bd3f1 f4
29.a3 Re8e1
30.Kg1 Re1e3
31.a4 Re3xb3
32.Bf1e2 Rb3a3
33.Be2f1 Ra3c3
34.Qc2e2 Rc3e3
35.Qe2b2 Re3b3
36.Qb2e2 Rb3e3
37.Qe2d2 Re3e6
38.Qd2d5 Qg3e3
39.Kh1 Qe3e4
40.Qd5d2 f3
41.a5 Re6g6
42.gxf3 Qe4xf3
43.Bf1g2 Qf3g3
44.Qd2d5 Kf8
45.Qd5xb7 Qg3e1
46.Kh2 Qe1e7
47.Qb7a8 Qe7e8
48.Qa8xa7 Rg6f6
49.Qa7b7 Rf6f7
50.Qb7d5 Qe8e5
51.Qd5xe5 dxe5
52.a6 Rf7e7
53.Bg2e4 g6
54.Kg3 Kg7
55.Kg4 Kf6
56.h4 h5
57.Kg3 Re7g7
58.Be4b7 Rg7g8
59.a7 g5
60.a8Q gxh4
61.Kxh4 Rg8xa8
62.Bb7xa8 Kf5
63.Kxh5 e4
64.Kh4 Kf4
65.Kh3 Ke3
66.Kg2 Kd3
67.Ba8d5 e3
68.Kf1 Kd2
69.Bd5f3 Kd3
70.Bf3e2 Kd2
71.Be2f3 Kd3
72.Bf3e2 Kd2
73.Be2f3 Kd3
74.Bf3e2 { draw }
1/2-1/2

[Event "Match"]
[Site "www.echecsemail.com"]
[Date "2015.03.26"]
[Round "1"]
[White "Goofy"]
[Black "Expert"]
[WhiteElo "2260"]
[BlackElo "1680"]
[Result "0-1"]
[Round "1"]
1.e4 c5
2.Ng1f3 Nb8c6
3.d4 cxd4
4.Nf3xd4 g6
5.Nb1c3 Bf8g7
6.Bc1e3 Ng8f6
7.Qd1d2 O-O
8.Bf1e2 d6
9.O-O-O Nc6xd4
10.Be3xd4 Bc8e6
11.Kb1 Ra8c8
12.h3 Rf8e8
13.f4 Qd8a5
14.a3 a6
15.g4 b5
16.f5 Be6c4
17.Be2f3 Nf6d7
18.Bd4xg7 Kxg7
19.g5 Nd7e5
20.Bf3g2 b4
21.Nc3a2 Bc4xa2
22.Kxa2 Rc8c3
23.bxc3 Qa5xa3
24.Kb1 bxc3
{ resign }
0-1

[Event "Match"]
[Site "www.echecsemail.com"]
[Date "2015.03.26"]
[Round "1"]
[White "Calponas"]
[Black "F14"]
[WhiteElo "2020"]
[BlackElo "1850"]
[Result "1-0"]
[Round "1"]
1.e4 c5
2.d4 cxd4
3.c3 dxc3
4.Bf1c4 Nb8c6
5.Nb1xc3 e6
6.Ng1f3 Bf8e7
7.Bc1f4 a6
8.a4 Qd8a5
9.O-O Ng8f6
10.Qd1e2 O-O
11.Rf1d1 Qa5h5
12.Ra1c1 d5
13.exd5 exd5
14.Nc3xd5 Nf6xd5
15.Rd1xd5 Qh5g6
16.Nf3e5 Nc6xe5
17.Rd5xe5 Be7f6
18.Re5e3 Bc8g4
19.Qe2c2 Bg4f5
20.Qc2e2 Bf6d4
21.Re3g3 Qg6b6
22.Bf4e3 Bd4xe3
23.Rg3xe3 Bf5g6
24.Rc1e1 h6
25.Re3g3 Ra8e8
26.Qe2xe8 Rf8xe8
27.Re1xe8 Kh7
28.b3 Qb6c6
29.Rg3e3 b5
30.axb5 axb5
31.Bc4f1 b4
32.Bf1c4 Qc6f6
33.Re8b8 Qf6a1
34.Bc4f1 Qa1d4
35.Re3e8 Bg6c2
36.Re8d8 Qd4c3
37.Rb8c8 Qc3xb3
38.Rc8xc2 Qb3xc2
39.Bf1d3 Qc2xd3
40.Rd8xd3 { resign }
1-0

[Event "Match"]
[Site "www.echecsemail.com"]
[Date "2015.03.26"]
[Round "1"]
[White "Guidom"]
[Black "Chessjoker40"]
[WhiteElo "2010"]
[BlackElo "1809"]
[Result "1-0"]
[Round "1"]
1.e4 c5
2.Ng1f3 g6
3.c4 Nb8c6
4.Nb1c3 Bf8g7
5.d3 d6
6.Bf1e2 Bc8g4
7.O-O Ng8f6
8.Bc1g5  { time }
1-0

[Event "Tourn. n8071"]
[Site "www.chess-mail.com"]
[Date "2015.03.27"]
[Round "1"]
[White "Vasylpuzanov"]
[Black "Terrible"]
[WhiteElo "2080"]
[BlackElo "2270"]
[Result "1/2-1/2"]
[Round "1"]
1.e4 e5
2.Ng1f3 Nb8c6
3.Bf1b5 a6
4.Bb5xc6 dxc6
5.O-O f6
6.d4 exd4
7.Nf3xd4 c5
8.Nd4e2 Qd8xd1
9.Rf1xd1 Bc8g4
10.f3 Bg4e6
11.Nb1c3 Bf8d6
12.Bc1f4 O-O-O
13.Bf4xd6 cxd6
14.Ne2f4 Be6f7
15.Nc3d5 Kb8
16.h4 g5
17.hxg5 fxg5
18.Nf4e2 Bf7xd5
19.Rd1xd5 g4
20.Ra1d1 Rd8f8
21.Rd5xd6 gxf3
22.gxf3 { draw }
1/2-1/2

[Event "Tourn. n8070"]
[Site "www.chess-mail.com"]
[Date "2015.03.27"]
[Round "1"]
[White "Squimichele"]
[Black "Thurgau"]
[WhiteElo "2490"]
[BlackElo "2710"]
[Result "0-1"]
[Round "1"]
1.d4 Ng8f6
2.Ng1f3 d5
3.Bc1g5 Nf6e4
4.Bg5h4 c5
5.e3 Qd8b6
6.Qd1c1 cxd4
7.exd4 Nb8c6
8.c3 f6
9.Nb1d2 g5
10.Bh4g3 h5
11.h3 Ne4xg3
12.fxg3 Bc8f5
13.Nd2b3 e6
14.Qc1e3 Qb6c7
15.Nf3d2 Bf8d6
16.Kf2 O-O-O
17.Bf1d3 Bf5xd3
18.Qe3xd3 e5
19.dxe5 fxe5
20.Qd3xd5 e4
21.Ke2 Bd6xg3
22.Qd5c5 e3
23.Nd2f3 Qc7f4
24.Ra1f1 Qf4e4
{ resign }
0-1

[Event "Tourn. n8062"]
[Site "www.chess-mail.com"]
[Date "2015.03.27"]
[Round "1"]
[White "Guidom"]
[Black "Falcoale"]
[WhiteElo "2040"]
[BlackElo "1830"]
[Result "1-0"]
[Round "1"]
1.e4 c5
2.Ng1f3 Nb8c6
3.c4 e6
4.Nb1c3 a6
5.d3 b6
6.Bf1e2 Bc8b7
7.O-O Bf8e7
8.Bc1f4 d6
9.a3 Ng8f6
10.Qd1d2 O-O
11.Ra1b1 d5
12.exd5 exd5
13.Rf1d1 d4
14.Nc3a2 Rf8e8
15.b4 cxb4
16.axb4 b5
17.c5 Nf6d5
18.Bf4g3 Be7f6
19.Rd1e1 Qd8d7
20.Nf3g5 h6
21.Ng5e4 Bf6e7
22.Ne4d6 Be7xd6
23.Bg3xd6 Nd5f6
24.Be2f3 Re8xe1
25.Rb1xe1 Ra8c8
26.Qd2f4 Nf6e8
27.Bf3xc6 Bb7xc6
28.Re1e7 Qd7d8
29.Qf4xf7 Kh7
30.Bd6e5 Bc6d5
31.Qf7f5 Kh8
32.Qf5f8 Bd5g8
33.Re7xg7 { resign }
1-0